000 00523nam a2200169Ia 4500
999 _c21597
_d21597
003 OSt
005 20200616094130.0
008 190216s9999||||xx |||||||||||||| ||und||
020 _a9788126146529
040 _coclc
082 _a305.51220924
_bTAB/R
100 _aTabassum, Henna
_92674
245 0 _aReservation And Social Mobility In India /
_cHenna Tabassum
260 _bAnmol Publications,
_c2011.
_aNew Delhi:
300 _a296p
942 _cBK
_2ddc
_h305.51220924
_iTAB/R
_k305.51220924
_mTAB/R